Book Title Knockout Quiz Stats

Quiz Updated Mar 18, 2013

Challenge
Share
Tweet
Embed
Score 0/12 Timer 04:00
1 Play Today
% Correct
???
97.7%
???
96.2%
???
92.4%
???
92%
???
90.8%
???
79.8%
???
79.5%
???
74.7%
???
67.9%
???
59.7%
???
55%
???
47.7%

You're not logged in!

Compare scores with friends on all Sporcle quizzes.
Sign Up with Email
OR
Log In

You Might Also Like...

Show Comments

Extras

Top Quizzes Today


Score Distribution

Your Account Isn't Verified!

In order to create a playlist on Sporcle, you need to verify the email address you used during registration. Go to your Sporcle Settings to finish the process.